000 00869nam a2200277 i 4500
001 000046647
003 DO-SdBNP
005 20250219144341.0
007 ta
008 090827s2005 dr 000 0 spa d
040 _aDO-SdBNP
_bspa
_cBNPHU
_erda
082 _axxxx
_bP861
_222
100 1 _aPotentini, Salvador
_967426
_eautor
_4aut.
245 1 3 _aLa extradicción en el nuevo proceso penal dominicano /
_cSalvador Potentini, Sergio A. Ortiz V.
250 _aPrimera edición
264 1 _aMoca, República Dominicana :
_bEditora Dalis,
_c2005.
300 _a224 páginas
_c21 cm.
336 _atexto
_btxt
_2rdacontent
337 _asin mediación
_bn
_2rdamedia
338 _avolumen
_bnc
_2rdacarrier
504 _aBibliografía p: 221
590 _aInventariado, 2018/ YL
700 1 2 _aOrtiz V., Sergio A.
_973038
910 _aYLockward
942 _2ddc
_cLBS1
999 _c46136
_d46136